La catedral de Sigüenza : (Record no. 192113)

MARC details
000 -LEADER
campo de control de longitud fija 01244nam a2200325 i 4500
001 - NÚMERO DE CONTROL
campo de control 192113
003 - IDENTIFICADOR DE NÚMERO DE CONTROL
campo de control SpMaBN
005 - FECHA Y HORA DE LA ÚLTIMA TRANSACCIÓN
campo de control 20240130205320.0
008 - DATOS DE LONGITUD FIJA--INFORMACIÓN GENERAL
campo de control de longitud fija 221104s2019 sp a | |||| 000 0 spa
017 ## - NÚMERO DE COPYRIGHT O DE DEPÓSITO LEGAL
Número de copyright o de depósito legal GU 69-2019
Agencia que asigna Oficina Depósito Legal Guadalajara
020 ## - NÚMERO INTERNACIONAL ESTÁNDAR DEL LIBRO
Número Internacional Estándar del Libro 978-84-92502-78-3
040 ## - FUENTE DE CATALOGACIÓN
Centro/agencia transcriptor SpMaBN
080 ## - NÚMERO DE LA CLASIFICACIÓN DECIMAL UNIVERSAL
Número de la Clasificación Decimal Universal 726:27-523.41(460.281 Sigüenza)
080 ## - NÚMERO DE LA CLASIFICACIÓN DECIMAL UNIVERSAL
Número de la Clasificación Decimal Universal 726.6(460.281 Sigüenza)
100 1# - ENTRADA PRINCIPAL--NOMBRE DE PERSONA
Nombre de persona Juste Ballesta, José.
9 (RLIN) 175725
Término indicativo de función/relación Autor
245 13 - MENCIÓN DEL TÍTULO
Título La catedral de Sigüenza :
Resto del título entre la permanencia y el cambio : un estudio de su proceso evolutivo /
Mención de responsabilidad, etc. José Juste Ballesta.
264 #1 - PRODUCCIÓN, PUBLICACIÓN, DISTRIBUCIÓN, FABRICACIÓN Y COPYRIGHT
Producción, publicación, distribución, fabricación y copyright [Guadalajara :
Nombre del de productor, editor, distribuidor, fabricante J. Juste Ballesta,
Fecha de producción, publicación, distribución, fabricación o copyright 2019]
300 ## - DESCRIPCIÓN FÍSICA
Extensión 548 páginas :
Otras características físicas ilustraciones (color), planos ;
Dimensiones 22 x 24 cm
500 ## - NOTA GENERAL
Nota general Índices
500 ## - NOTA GENERAL
Nota general Glosario
500 ## - NOTA GENERAL
Nota general En contracub.: Diputación de Guadalajara
504 ## - NOTA DE BIBLIOGRAFÍA, ETC.
Nota de bibliografía, etc. Bibliografía: páginas 529-536
610 24 - PUNTO DE ACCESO ADICIONAL DE MATERIA--NOMBRE DE ENTIDAD CORPORATIVA
Nombre de entidad corporativa o nombre de jurisdicción como elemento de entrada Catedral de Sigüenza.
9 (RLIN) 2528
651 #4 - PUNTO DE ACCESO ADICIONAL DE MATERIA--NOMBRE GEOGRÁFICO
Nombre geográfico Sigüenza-
Subdivisión general Edificios, estructuras, etc.
9 (RLIN) 165854
852 4# - LOCALIZACIÓN
Ubicación ES-MaACL
Número de control de estantería N-8058
itemnumber 199395
Sublocalización o colección R. 153178
Ubicación en estantería Depósito J
Donativo/Legado Donación: José Juste Ballesta
903 ## - NOMBRE PERSONAL DE DONANTE
9 175725
a Juste Ballesta, José
e Donante
942 ## - ELEMENTOS DE ENTRADA SECUNDARIOS (KOHA)
Tipo de ítem Koha Libro impreso
Suprimir en OPAC No
Holdings
Estatus retirado Estado de pérdida Fuente del sistema de clasificación o colocación Estado de daño No para préstamo Biblioteca de origen Biblioteca actual Ubicación en estantería Fecha de adquisición Fuente de adquisición Total de préstamos Signatura topográfica completa Código de barras Visto por última vez Tipo de ítem Koha
    Clasificación decimal universal     Biblioteca del Ateneo de Madrid Biblioteca del Ateneo de Madrid Depósito J 04/11/2022 Donación   N-8058 101206501 23/02/2023 Libro impreso